Malaysian development experience : changes and challenges

Bibliographic Details
Corporate Author: Institut Tadbiran Awam Negara
Format: Book
Published: Kuala Lumpur : Institut Tadbiran Awam Negara , 1994
Subjects:

MARC

LEADER 00000cam a2200000 7i4500
001 0000013113
005 20021119093000.0
008 021119n
020 |a 9679933407 
090 0 0 |a HN700.6.A8   |b M342 1994 
245 0 0 |a Malaysian development experience :   |b changes and challenges 
260 2 |a Kuala Lumpur :   |b Institut Tadbiran Awam Negara ,   |c 1994 
300 |a xxiv, 920 p. ; ;   |c 27 cm. 
500 |a Includes index 
650 0 |a Malaysia   |x Economic conditions 
650 0 |a Malaysia   |x Intellectual life 
650 0 |a Malaysia   |x Popular culture 
650 0 |a Malaysia   |x Social conditions 
650 0 |a Sustainable development   |z Malaysia 
710 0 0 |a Institut Tadbiran Awam Negara 
999 |a 1000031805   |b Book   |c Reference   |e Gong Badak Campus